000
00226nam a22000857a 4500
008
160630b xxu||||| |||| 00| 0 eng d
100
_9
1519
_a
Rajasekharan, P.T
245
_a
P.T.Usha The Pride of India.
260
_a
N.D
_b
Konark
_c
1987
999
_c
1254
_d
1254